Mindweave : communication, computers, and distance education /

Bibliographic Details
Other Authors: Mason, Robin, Kaye, Anthony, 1942-
Format: Book
Language:English
Published: Oxford ; New York : Pergamon Press, 1989.
Edition:1st ed.
Subjects:

MARC

Tag First Indicator Second Indicator Subfields
LEADER 00000cam a2200000 a 4500
001 in00001234929
005 20151003060915.0
008 960129s1989 enkab rb 101 0 eng d
010 |a  89031110  
020 |a 0080377556 
035 |a (OCoLC)34099967 
035 |9 AGS2889AM 
040 |a TXA  |c TXA  |d UtOrBLW 
043 |a e-uk--- 
049 |a TXAM 
082 0 0 |a 374/.41  |2 19 
090 |a LC5808.G7  |b M56 1989a 
245 0 0 |a Mindweave :  |b communication, computers, and distance education /  |c edited by Robin Mason and Anthony Kaye. 
246 1 4 |a Mindweave :  |b communication, computers & distance education 
250 |a 1st ed. 
264 1 |a Oxford ;  |a New York :  |b Pergamon Press,  |c 1989. 
300 |a xv, 273 pages :  |b illustrations ;  |c 24 cm. 
336 |a text  |b txt  |2 rdacontent 
337 |a unmediated  |b n  |2 rdamedia 
338 |a volume  |b nc  |2 rdacarrier 
500 |a "Based ... on an international conference ... at the British Open University's central campus in Milton Keynes in October 1988."--P. vii. 
504 |a Includes bibliographical references and index. 
533 |a Photocopy.  |b Elkins Park, PA :  |c Franklin Book Company,  |d 1995.  |e 28 cm. 
650 0 |a Distance education  |z Great Britain  |x Data processing  |x Congresses. 
700 1 |a Mason, Robin. 
700 1 |a Kaye, Anthony,  |d 1942- 
999 |a MARS 
999 f f |s 6ec407cd-8f8a-3e7d-ac2e-2f0b3fcd0fe6  |i 45539fba-42a0-3419-a384-bf5b365e250f  |t 0 
952 f f |p normal  |a Texas A&M University  |b College Station  |c Sterling C. Evans Library  |d Evans: Library Stacks  |t 0  |e LC5808.G7 M56 1989a  |h Library of Congress classification  |i unmediated -- volume  |m A14819543795 
998 f f |a LC5808.G7 M56 1989a  |t 0  |l Evans: Library Stacks